000 00809nam a2200253Ia 4500
003 OSt
005 20221005092400.0
006 a|||||r|||| 00| 0
007 ta
008 221004b |||||||| |||| 00| 0 eng d
020 _a9781138100312 (pbk)
_cUKP 36.99
024 _a66898
037 _b1745, 13/12/2019, Bright Book Service
_cTextual
040 _aCRL
_cCRL
_beng
041 _2eng
_aeng
082 _aS1:86, Q9
100 _aConstantian Mark B.
_9617192
245 0 _aChildhood abuse, body shame and addictive plastic surgery
_b the face of trauma
260 _aNew York
_bRoutledge USA
_c2019
300 _axxi,319p.
_ccm.
650 _aCHILD PSYCHOLOGY
942 _hS1:86, Q9
_cTEXL
_2cc
999 _c998715
_d998715